000 01045nam a2200217Ka 4500
020 _a9781603427340
020 _a1603427341
040 _cTEFOD
082 0 4 _a636 STO 1999 C151 Or.
100 1 _aEkarius, Carol.
245 1 0 _aSmall-scale livestock farming
_ba grass-based approach for health, sustainability, and profit /
260 _aPownal, Vt. :
_bStorey Books,
_cc1999.
300 _a1 online resource (vi, 217 p.) :
_bill.
520 _aEkarius's natural, organic approach to livestock management produces healthier animals, reduces feed and healthcare costs, and maximizes your profit. Through case studies of successful farmers, nitty-gritty details on every facet of livestock farming, and fascinating insights for working with nature instead of against it, you'll learn to make your farm thrive.
650 0 _aLivestock.
650 0 _aLivestock
650 0 _aFarm management.
650 0 _aElectronic books.
856 4 0 _uhttp://dbooks.wplc.info/ContentDetails.htm?ID=5EC7F952-E770-4234-BF6F-542729B6BC39
942 _cAEDBB
999 _c18700
_d18700